| 000 | 00640nam a2200205 4500 | ||
|---|---|---|---|
| 001 | 133398 | ||
| 003 | ES-MaACL | ||
| 005 | 20250822032759.0 | ||
| 007 | t| | ||
| 008 | 070214s1963 sp r ||||1| spa d | ||
| 080 | _a159.9:331 | ||
| 100 | 1 |
_aRuessel, Arnulf. _9100537 |
|
| 245 | 1 | 0 |
_aPsicología del trabajo / _cArnulf Rüssel ; versión española y prólogo por el Dr. Alfonso Álvarez Villar. |
| 260 |
_aMadrid : _bMorata, _c1963. |
||
| 300 |
_a382 p. : _bil. ; _c24 cm. |
||
| 650 | 7 |
_aPsicología industrial _2embne _9148242 |
|
| 700 | 1 |
_aAlvarez Villar, Alfonso. _920998 |
|
| 852 | 4 |
_aES-MaACL _jC-24340 |
|
| 999 |
_c133398 _d133398 |
||